|
|
|
|
| LEADER |
00920cam a2200265 7i4500 |
| 001 |
0000035645 |
| 005 |
20190418090000.0 |
| 007 |
##ta |
| 008 |
190418t20172017vtua 001 0 eng d |
| 020 |
# |
# |
|a 9780804845205
|
| 040 |
# |
# |
|a MATR
|
| 090 |
0 |
0 |
|a KORS 395.09519
|b DEM
|
| 100 |
1 |
# |
|a De Mente, Boye
|e author
|
| 245 |
1 |
0 |
|a ETIQUETTE GUIDE TO KOREA :
|b Know the rules that make the difference!
|c Boye Lafayette De Mente ; revised by David Lukens.
|
| 250 |
0 |
0 |
|a Revised and updated [edition].
|
| 264 |
# |
1 |
|a Rutland, Vermont:
|b Tuttle Publishing,
|c 2017.
|
| 264 |
# |
4 |
|a ♭2017.
|
| 300 |
# |
# |
|a 191 pages:
|b illustrations;
|c 20 cm.
|
| 336 |
# |
# |
|a text
|2 rdacontent
|
| 337 |
# |
# |
|a unmediated
|2 rdamedia
|
| 338 |
# |
# |
|a volume
|2 rdacarrier
|
| 650 |
# |
0 |
|a Etiquette --
|z Korea
|
| 651 |
# |
0 |
|a Korea --
|x Social life and customs
|
| 700 |
1 |
# |
|a Lukens, David Allan(
|d 1985-)
|
| 999 |
|
|
|a B000040403
|b Book
|c Countries
|e Business Information Centre
|